[Event "62nd ch-IND 2025"]
[Site "Guntur IND"]
[Date "2025.09.28"]
[Round "8.26"]
[White "Shreyash Singh"]
[Black "Kshatriya, Nitin Vekhande"]
[Result "1-0"]
[BlackTitle "FM"]
[WhiteElo "2065"]
[BlackElo "2285"]
[WhiteFideId "33426058"]
[BlackFideId "45075530"]
[EventDate "2025.09.21"]

1. e4 c5 2. Nf3 e6 3. d4 cxd4 4. Nxd4 a6 5. Bd3 Bc5 6. Nb3 Ba7 7. Qg4 Nf6 8. Qg3
d6 9. Nc3 Nc6 10. Bg5 h6 11. Bd2 b5 12. O-O-O Kf8 13. Be3 Qe7 14. Bxa7 Rxa7 15.
f4 b4 16. Ne2 Rc7 17. Kb1 e5 18. fxe5 dxe5 19. Qe3 g6 20. h3 Kg7 21. g4 a5 22.
Nd2 a4 23. Rhf1 Be6 24. Rf2 Nd7 25. Bc4 Bxc4 26. Nxc4 Qc5 27. Rxd7 Qxc4 28. Rxc7
Rd8 29. Rfxf7+ Qxf7 30. Rxf7+ Kxf7 31. Kc1 1-0

[Event "62nd ch-IND 2025"]
[Site "Guntur IND"]
[Date "2025.09.28"]
[Round "8.27"]
[White "Joel Paul Ganta"]
[Black "Aditya, Varun Gampa"]
[Result "1-0"]
[WhiteTitle "CM"]
[BlackTitle "FM"]
[WhiteElo "2050"]
[BlackElo "2273"]
[WhiteFideId "35066145"]
[BlackFideId "45066183"]
[EventDate "2025.09.21"]

1. Nf3 d5 2. g3 Nf6 3. d4 e6 4. Bg2 b5 5. a4 b4 6. c4 bxc3 7. Nxc3 Be7 8. O-O
O-O 9. Bf4 Nh5 10. Bd2 c6 11. Na2 a5 12. b4 axb4 13. Nxb4 c5 14. dxc5 Bxc5 15.
e4 Qe7 16. Nd3 Ba6 17. Nfe5 Nf6 18. exd5 Nxd5 19. Re1 Bb7 20. Rb1 Na6 21. Rb5
Ba7 22. Nf4 Qc7 23. Ba5 Qc8 24. Nxd5 Bxd5 25. Bxd5 exd5 26. Rxd5 Nc7 27. Bxc7
Qxc7 28. Rd7 Qc5 29. Nd3 Qf5 30. Nf4 Bb6 31. Rd5 Qc8 32. Qb3 Qa6 33. Rb5 Bd4 34.
a5 Rac8 35. Nd5 Kh8 36. Rd1 Ba7 37. Nb6 Rc7 38. Qb4 Rg8 39. Rbd5 Qb7 40. Rd8 h6
41. Qb1 f6 42. Qg6 Rf7 43. Rxg8+ Kxg8 44. Rd8+ Rf8 45. Rd7 1-0

[Event "62nd ch-IND 2025"]
[Site "Guntur IND"]
[Date "2025.09.28"]
[Round "8.28"]
[White "Challa Saharsha"]
[Black "Jaiveer, Mahendru"]
[Result "1/2-1/2"]
[BlackTitle "FM"]
[WhiteElo "2014"]
[BlackElo "2242"]
[WhiteFideId "25168525"]
[BlackFideId "25611151"]
[EventDate "2025.09.21"]

1. e4 e5 2. Nf3 Nc6 3. Bc4 Bc5 4. d3 Nf6 5. Nc3 h6 6. O-O O-O 7. Be3 d6 8. Na4
Bxe3 9. fxe3 Na5 10. Bb3 Nxb3 11. axb3 d5 12. exd5 Nxd5 13. Qd2 Qd6 14. Nc3 Re8
15. Qf2 Nxc3 16. bxc3 Be6 17. Nd2 a5 18. Qg3 Bd5 19. Ra4 b5 20. Rg4 g6 21. c4
bxc4 22. Nxc4 Qe6 23. Nd2 Ra6 24. Ra4 Bc6 25. Raa1 Kh7 26. e4 a4 27. Qf2 Re7 28.
Qc5 Bd7 29. bxa4 Rc6 30. Qd5 Rxc2 31. Nc4 Qxd5 32. exd5 Bc8 33. a5 Ba6 34. Rf6
e4 35. Na3 Rc5 36. Rxa6 exd3 37. Rd1 Rxd5 38. Nc4 Re4 39. Rc6 d2 40. Nxd2 Re2
41. Rc2 Rg5 42. g3 Rxa5 43. Rxc7 Rf5 44. Nf1 Kg7 45. Rcd7 h5 46. R7d5 Rff2 47.
R5d2 Rg2+ 48. Kh1 Rgf2 49. Rxe2 Rxe2 50. Rd2 Re4 51. Rf2 Ra4 52. h3 Ra3 53. Kg2
Rd3 54. Rf3 Rd4 55. Ne3 Ra4 56. Rf4 Ra2+ 57. Kf3 Ra3 58. Rc4 Ra7 59. Rc5 Rb7 60.
Nd5 Rb3+ 61. Rc3 Rb5 62. Ke4 Ra5 63. Ke5 Ra1 64. Kd6 Rd1 65. Rf3 Rd2 66. Kc6 Rd1
67. Nc3 Ra1 68. Nb5 Rd1 69. Nd6 f5 70. Kd7 Kf6 71. Re3 Rd4 72. Re6+ Kg7 73. Ke7
h4 74. Ne8+ Kh6 75. gxh4 Rxh4 76. Kf7 Kg5 77. Re3 Kf4 78. Ra3 g5 79. Ng7 g4 80.
Ra4+ Kf3 81. Ne6 Rxh3 82. Ng5+ Kg2 83. Nxh3 gxh3 84. Kg6 1/2-1/2

[Event "62nd ch-IND 2025"]
[Site "Guntur IND"]
[Date "2025.09.28"]
[Round "8.29"]
[White "Agnivo Chakraborty"]
[Black "Mahitosh, Dey"]
[Result "0-1"]
[BlackTitle "FM"]
[WhiteElo "1983"]
[BlackElo "2233"]
[WhiteFideId "25943570"]
[BlackFideId "25091468"]
[EventDate "2025.09.21"]

1. e4 d6 2. d4 Nf6 3. Nc3 g6 4. f3 a6 5. Be3 Nbd7 6. Qd2 b5 7. h4 Nb6 8. a3 c6
9. Bd3 Qc7 10. Nge2 Bb7 11. g4 h5 12. gxh5 Nxh5 13. Nf4 Bg7 14. Nce2 Nxf4 15.
Nxf4 c5 16. c3 e5 17. Ne2 f5 18. dxc5 dxc5 19. exf5 O-O-O 20. Qc2 Bxf3 21. Rf1
Qc6 22. Ng3 e4 23. Nxe4 Rxd3 0-1

[Event "62nd ch-IND 2025"]
[Site "Guntur IND"]
[Date "2025.09.28"]
[Round "8.30"]
[White "Umashankar A"]
[Black "Ankit Ray"]
[Result "1/2-1/2"]
[BlackTitle "FM"]
[WhiteElo "1971"]
[BlackElo "2221"]
[WhiteFideId "35009931"]
[BlackFideId "25770624"]
[EventDate "2025.09.21"]

1. e4 c5 2. Nf3 e6 3. d4 cxd4 4. Nxd4 Nc6 5. Nc3 Qc7 6. Be3 a6 7. Qf3 b5 8. Nxc6
Qxc6 9. Bd3 Bb7 10. Qg3 b4 11. Ne2 Rc8 12. Nd4 Qc7 13. Qxc7 Rxc7 14. a3 bxa3 15.
bxa3 Nf6 16. f3 Bc5 17. Ke2 d6 18. Rhb1 Nd7 19. Nb3 Bxe3 20. Kxe3 Ke7 21. Rb2
Ra8 22. Na5 Bc8 23. Rab1 Nc5 24. Nc4 Nd7 25. Na5 Nc5 26. Nc4 Nd7 27. Na5 Nc5 1/2-1/2

[Event "62nd ch-IND 2025"]
[Site "Guntur IND"]
[Date "2025.09.28"]
[Round "8.31"]
[White "Prraneeth, Vuppala"]
[Black "Gade Sharanya"]
[Result "1-0"]
[WhiteTitle "GM"]
[WhiteElo "2475"]
[BlackElo "1788"]
[WhiteFideId "46622373"]
[BlackFideId "25925253"]
[EventDate "2025.09.21"]

1. e4 e5 2. Nf3 Nf6 3. Nxe5 d6 4. Nf3 Nxe4 5. Nc3 Nxc3 6. dxc3 Nd7 7. Be3 Ne5 8.
Nxe5 dxe5 9. Qf3 c6 10. Bc4 Qc7 11. O-O-O f6 12. Rd2 Be7 13. Bh6 Bf8 14. Rhd1 g6
15. Qxf6 1-0

[Event "62nd ch-IND 2025"]
[Site "Guntur IND"]
[Date "2025.09.28"]
[Round "8.32"]
[White "Srihari, L"]
[Black "Sharsha Backer"]
[Result "1-0"]
[WhiteTitle "IM"]
[WhiteElo "2373"]
[BlackElo "2011"]
[WhiteFideId "46642056"]
[BlackFideId "46666044"]
[EventDate "2025.09.21"]

1. e4 c5 2. Nf3 d6 3. d4 cxd4 4. Nxd4 Nf6 5. Nc3 a6 6. Be2 e5 7. Nb3 Be7 8. O-O
O-O 9. Bf3 Be6 10. Re1 Nbd7 11. a4 Rc8 12. a5 Qc7 13. Nd2 Nb8 14. Nf1 Nc6 15.
Nd5 Bxd5 16. exd5 Nd4 17. c3 Nxf3+ 18. Qxf3 Ne8 19. Ne3 g6 20. Ra4 f5 21. Nc4
Bf6 22. Nb6 Rd8 23. c4 Bg7 24. b4 Nf6 25. c5 Nd7 26. Ba3 Rfe8 27. Qb3 Kh8 28.
Rc1 e4 29. Bb2 Ne5 30. c6 Nd3 31. Bxg7+ Qxg7 32. Rc2 Re7 33. b5 Nc5 34. Rxc5
dxc5 35. cxb7 Rxb7 36. bxa6 Ra7 37. g3 Rxa6 38. Qb5 Ra7 39. Qxc5 Rc7 40. Qa3 Qf6
41. Qe3 Rc3 42. Qd2 Rb3 43. Rc4 Rb2 44. Qh6 Qe5 45. Qe3 Ra2 46. Rc5 Qa1+ 47. Rc1
Qf6 48. Rc6 Qa1+ 49. Kg2 Rxa5 50. Rc7 Qe5 51. Rb7 f4 52. gxf4 Qf6 53. Nd7 Qg7
54. Qb6 Raa8 55. Nf6 Qh6 56. Qc7 1-0

[Event "62nd ch-IND 2025"]
[Site "Guntur IND"]
[Date "2025.09.28"]
[Round "8.33"]
[White "Sriram, Jha"]
[Black "Kolla Bhaavan"]
[Result "1-0"]
[WhiteTitle "GM"]
[WhiteElo "2322"]
[BlackElo "2008"]
[WhiteFideId "5001668"]
[BlackFideId "25106821"]
[EventDate "2025.09.21"]

1. d4 d5 2. c4 e6 3. Nf3 Nf6 4. g3 Be7 5. Bg2 Ne4 6. O-O f5 7. Nc3 c6 8. Qc2 Nd7
9. Rb1 a5 10. a3 O-O 11. b4 axb4 12. axb4 Nb6 13. c5 Nc4 14. Nxe4 fxe4 15. Nd2
Nxd2 16. Bxd2 Bf6 17. Bc3 Re8 18. Ra1 Bd7 19. Qb2 Rb8 20. f3 exf3 21. Bxf3 Qc7
22. e4 dxe4 23. Bxe4 e5 24. Qc2 exd4 25. Bxh7+ Kh8 26. Rxf6 dxc3 27. Rf4 Qe5 28.
Rh4 Qe3+ 29. Kg2 Qe2+ 30. Qxe2 Rxe2+ 31. Kf3 Re7 32. Bg6+ Kg8 33. Rc1 Rf8+ 34.
Rf4 Rf6 35. Rxf6 gxf6 36. Rxc3 Kg7 37. Bc2 Re5 38. Re3 Rd5 39. Rd3 Rf5+ 40. Ke3
Re5+ 41. Kd2 Bf5 42. Rd8 Bg4 43. Rd4 Be6 44. Re4 Rd5+ 45. Kc3 Bc8 46. Re8 Bd7
47. Rb8 1-0

[Event "62nd ch-IND 2025"]
[Site "Guntur IND"]
[Date "2025.09.28"]
[Round "8.34"]
[White "Vivaan Sardana"]
[Black "Sharnarthi Viresh"]
[Result "1/2-1/2"]
[WhiteElo "2008"]
[BlackElo "2281"]
[WhiteFideId "33397694"]
[BlackFideId "25978055"]
[EventDate "2025.09.21"]

1. e4 c5 2. Nf3 d6 3. d4 cxd4 4. Nxd4 Nf6 5. Nc3 a6 6. Bd3 g6 7. f3 Bg7 8. Be3
Nc6 9. Qd2 O-O 10. O-O-O Ne5 11. h4 h5 12. Kb1 Be6 13. Nxe6 fxe6 14. Ne2 b5 15.
Nd4 Qc8 16. Bh6 Bxh6 17. Qxh6 Kf7 18. Qg5 Qc5 19. Nb3 Qb6 20. Rhe1 Kg7 21. Qe3
Qxe3 22. Rxe3 Kf7 23. Nd4 Nxd3 24. cxd3 e5 25. Ne2 Nd7 26. d4 Ke8 27. Rc3 b4 28.
Rc6 a5 29. Rdc1 Kd8 30. b3 Rf7 31. Rd1 Rf8 32. Kb2 Rg8 33. Rh1 exd4 34. Nxd4 Ne5
35. Rc2 Kd7 36. Rd1 Rgc8 37. Rxc8 Rxc8 38. Nc2 Rc3 39. Rd5 Rd3 40. Kc1 Rxd5 41.
exd5 Kc7 42. Kd2 Kb6 43. f4 Ng4 44. Ne3 Nf6 45. f5 gxf5 46. Nxf5 Nxd5 47. Ng7
Nf6 48. Nf5 a4 49. Kd3 Kc5 50. Nxe7 a3 51. Nf5 Nd5 52. Ng7 Nf4+ 53. Ke4 Nxg2 54.
Nxh5 d5+ 55. Kd3 Nxh4 56. Nf4 Nf3 57. Ne6+ Kd6 58. Nd4 Nxd4 59. Kxd4 Ke6 60. Kd3
Ke5 61. Ke3 d4+ 62. Kd3 Kd5 63. Kd2 Ke4 64. Ke2 d3+ 65. Kd2 Kd4 66. Kd1 Kc3 67.
Kc1 d2+ 68. Kd1 Kb2 69. Kxd2 Kb1 70. Kd1 Kb2 71. Kd2 Kb1 72. Kd1 1/2-1/2

[Event "62nd ch-IND 2025"]
[Site "Guntur IND"]
[Date "2025.09.28"]
[Round "8.35"]
[White "Yohan Yadav Tarala"]
[Black "Utkrisht Tuli"]
[Result "1/2-1/2"]
[WhiteTitle "CM"]
[WhiteElo "2246"]
[BlackElo "2006"]
[WhiteFideId "33385300"]
[BlackFideId "25693506"]
[EventDate "2025.09.21"]

1. Nf3 d5 2. b3 Nf6 3. Bb2 Bf5 4. Nh4 Bc8 5. e3 e6 6. Nf3 c5 7. c4 Nc6 8. cxd5
exd5 9. Be2 d4 10. exd4 cxd4 11. Bb5 Bc5 12. Qe2+ Be6 13. O-O O-O 14. Bxc6 bxc6
15. Qe5 Bd5 16. Bxd4 Re8 17. Qg5 Bxd4 18. Nxd4 h6 19. Qg3 Nh5 20. Qg4 Nf6 21.
Qg3 Nh5 22. Qg4 Nf6 23. Qg3 Nh5 1/2-1/2

[Event "62nd ch-IND 2025"]
[Site "Guntur IND"]
[Date "2025.09.28"]
[Round "8.36"]
[White "Sharma Sai"]
[Black "Pattnayak, Nilsu"]
[Result "1/2-1/2"]
[WhiteElo "2004"]
[BlackElo "2202"]
[WhiteFideId "25179039"]
[BlackFideId "35043943"]
[EventDate "2025.09.21"]

1. e4 d6 2. d4 Nf6 3. Nc3 e5 4. dxe5 dxe5 5. Qxd8+ Kxd8 6. Bc4 Ke8 7. f4 Bb4 8.
Bd3 Nbd7 9. Nf3 Nc5 10. O-O Nxd3 11. cxd3 exf4 12. Nb5 Ba5 13. Bxf4 c6 14. Nd6+
Ke7 15. Ng5 Be6 16. Nxb7 Bb6+ 17. Kh1 Ng4 18. Bd6+ Kd7 19. Nxf7 Rhb8 20. Nc5+
Bxc5 21. Bxc5 Rxb2 22. h3 Nf6 23. Ne5+ Kc7 24. a3 Nd7 25. Nxd7 Kxd7 26. Rab1
Rab8 27. Rxb2 Rxb2 28. Bxa7 Rb3 29. d4 Rxa3 30. Bc5 Ra2 31. Re1 Bc4 32. Kh2 Bd3
33. Kg3 Re2 34. Rxe2 Bxe2 35. h4 Ke6 36. Kf4 g6 37. Bb4 Bd3 38. g3 h5 39. Ke3
Bc2 40. Ba3 Bb1 41. Bc5 Bc2 42. Kf4 Bd3 43. Bb6 Bc2 44. Bc5 Bd3 45. Bb6 Bc2 46.
Bc5 Bd3 1/2-1/2

[Event "62nd ch-IND 2025"]
[Site "Guntur IND"]
[Date "2025.09.28"]
[Round "8.37"]
[White "Arnav, Agrawal"]
[Black "Andalamala Hemal Varshan"]
[Result "1-0"]
[WhiteElo "2191"]
[BlackElo "1998"]
[WhiteFideId "48779857"]
[BlackFideId "33315957"]
[EventDate "2025.09.21"]

1. d4 d5 2. c4 e6 3. Nc3 Nf6 4. cxd5 exd5 5. Bg5 Be7 6. e3 O-O 7. Bd3 c6 8. Nf3
Re8 9. Qc2 h6 10. Bh4 Ne4 11. Bxe7 Qxe7 12. O-O Bf5 13. Rfe1 Nd7 14. Rac1 Nxc3
15. bxc3 Bxd3 16. Qxd3 Nb6 17. h3 Qa3 18. Ne5 f6 19. Ng6 Nc4 20. Rc2 Qd6 21.
Rce2 Re6 22. e4 Rae8 23. f4 b5 24. e5 fxe5 25. dxe5 Qc5+ 26. Kh2 Rd8 27. f5 Ree8
28. f6 gxf6 29. Qg3 f5 30. Nh4+ Kh8 31. Nxf5 Qf8 32. Qg6 Rd7 33. e6 Rh7 34. e7
Qf7 35. Qg4 h5 36. Qg5 h4 37. Re6 c5 38. Rf6 Qg8 39. Rg6 Qf7 40. Nh6 1-0

[Event "62nd ch-IND 2025"]
[Site "Guntur IND"]
[Date "2025.09.28"]
[Round "8.38"]
[White "Gopal Krishna Maheshwari"]
[Black "Mukund Hemant Agarwal"]
[Result "1/2-1/2"]
[BlackTitle "CM"]
[WhiteElo "1996"]
[BlackElo "2169"]
[WhiteFideId "25174738"]
[BlackFideId "25679791"]
[EventDate "2025.09.21"]

1. e4 c5 2. Nf3 d6 3. d4 cxd4 4. Nxd4 Nf6 5. Nc3 Nc6 6. Bg5 e6 7. Qd2 a6 8.
O-O-O Bd7 9. f3 Nxd4 10. Qxd4 h6 11. Be3 Bc6 12. Qd2 Qc7 13. Kb1 Be7 14. Ne2 d5
15. e5 Nd7 16. f4 Nc5 17. Nd4 Ne4 18. Qe1 O-O-O 19. Bd3 Kb8 20. f5 exf5 21. Nxf5
Qxe5 22. Rf1 Bg5 23. Bd4 Qc7 24. Nxg7 Ka8 25. Qb4 Be7 26. Rxf7 Bxb4 27. Rxc7 Bd6
28. Rf7 Rdf8 29. Nf5 Bxh2 30. Rxf8+ Rxf8 31. Nxh6 Bf4 32. Ng4 Rg8 33. Ne3 Kb8
34. g4 Nf2 35. Rf1 Bxe3 1/2-1/2

[Event "62nd ch-IND 2025"]
[Site "Guntur IND"]
[Date "2025.09.28"]
[Round "8.39"]
[White "Sparsh, Khandelwal"]
[Black "Majumder Shrayan"]
[Result "1/2-1/2"]
[WhiteElo "1986"]
[BlackElo "2161"]
[WhiteFideId "35064312"]
[BlackFideId "45040419"]
[EventDate "2025.09.21"]

1. e4 d5 2. exd5 Qxd5 3. Nc3 Qd6 4. d4 Nf6 5. h3 g6 6. Nf3 Bg7 7. Bc4 a6 8. Ne5
O-O 9. Bf4 Nc6 10. Qd2 Nh5 11. O-O-O Nxd4 12. Rhe1 Nf5 13. g4 Nxf4 14. Qxf4 g5
15. Qh2 Nd4 16. Nd5 Nc6 17. Nf3 Qxh2 18. Nxh2 Be6 19. Bb3 Rad8 20. Nf1 Rd7 21.
Rxe6 fxe6 22. Nf6+ Rxf6 23. Rxd7 Kf7 24. Ng3 Rxf2 25. Ne4 Rf1+ 26. Kd2 h6 27.
Rxc7 Na5 28. Nd6+ Kf6 29. Ne8+ Kf7 30. Nxg7 Nxb3+ 31. axb3 Kxg7 32. Rxe7+ Kf6
33. Rxb7 Rh1 34. c4 Rxh3 35. c5 Ke5 36. b4 h5 37. gxh5 Rxh5 38. Rd7 Rh8 39. c6
g4 40. c7 Rc8 1/2-1/2

[Event "62nd ch-IND 2025"]
[Site "Guntur IND"]
[Date "2025.09.28"]
[Round "8.40"]
[White "Mohota, Nisha"]
[Black "Sree Shaunak Chanda"]
[Result "1/2-1/2"]
[WhiteTitle "IM"]
[WhiteElo "2153"]
[BlackElo "1984"]
[WhiteFideId "5004330"]
[BlackFideId "33326150"]
[EventDate "2025.09.21"]

1. d4 Nf6 2. c4 e6 3. Bg5 Bb4+ 4. Nd2 c5 5. dxc5 Bxc5 6. Ngf3 Nc6 7. e3 h6 8.
Bh4 Be7 9. a3 d5 10. Nb3 O-O 11. Rc1 Na5 12. cxd5 Nxb3 13. Qxb3 Qa5+ 14. Qc3
Qxd5 15. Bc4 Qh5 16. Qe5 Qxe5 17. Nxe5 g5 18. Bg3 Nh5 19. Be2 Nxg3 20. hxg3 Bf6
21. Nd3 Kg7 22. Rc7 Rd8 23. O-O Rd7 24. Rfc1 Rxc7 25. Rxc7 Bd8 26. Rc1 Bd7 27.
Bf3 Rc8 28. Bxb7 Rxc1+ 29. Nxc1 Bf6 30. Nd3 Bb5 31. Be4 Bxd3 1/2-1/2

[Event "62nd ch-IND 2025"]
[Site "Guntur IND"]
[Date "2025.09.28"]
[Round "8.41"]
[White "Jihan Tejas Shah"]
[Black "Jagesia Daksh"]
[Result "1/2-1/2"]
[WhiteElo "2109"]
[BlackElo "1975"]
[WhiteFideId "33370109"]
[BlackFideId "25670956"]
[EventDate "2025.09.21"]

1. d4 Nf6 2. c4 e6 3. Nc3 d5 4. cxd5 exd5 5. Bg5 c6 6. e3 Bf5 7. Qf3 Bg6 8. Bxf6
Qxf6 9. Qxf6 gxf6 10. Nf3 Nd7 11. Nh4 Be7 12. Ne2 f5 13. g3 Nf8 14. Bh3 Bxh4 15.
gxh4 Ne6 16. f4 Ng7 17. Ng3 Ke7 18. Kf2 a5 19. Bg2 Nh5 20. Bf3 Nxg3 21. Kxg3
Rhg8 22. Kf2 f6 23. Rhb1 b5 24. a3 a4 25. h5 Be8 26. Ke2 Kd6 27. Kd2 Bf7 28. Rg1
h6 29. Rxg8 Rxg8 30. Kc3 Kc7 31. Kd2 Kd6 32. Re1 Kc7 33. Rc1 Kb6 34. Ke2 Kc7 35.
Kf2 Kb6 36. Be2 Be8 37. Rc3 Bd7 38. Rc1 Be8 39. h3 Bd7 40. Bd3 Rg7 41. Rb1 Rg8
42. Bc2 Kc7 43. Bd3 Kb6 44. Be2 Be6 45. Bd1 Kc7 46. Bc2 Bd7 47. Rc1 Kb6 48. Ra1
Be6 49. Rg1 Rxg1 50. Kxg1 Ka5 51. Kf2 Kb6 52. Ke1 Ka5 53. Kd2 Kb6 54. Kc3 Ka5
55. h4 Bd7 56. Bd3 Be6 57. Bc2 Bd7 58. Bd3 Be6 59. Bc2 Bd7 60. Bd3 1/2-1/2

[Event "62nd ch-IND 2025"]
[Site "Guntur IND"]
[Date "2025.09.28"]
[Round "8.42"]
[White "Gyana, Sai Santhosh M"]
[Black "Tarun V"]
[Result "1-0"]
[WhiteElo "2098"]
[BlackElo "1975"]
[WhiteFideId "25611135"]
[BlackFideId "45024839"]
[EventDate "2025.09.21"]

1. d4 Nf6 2. c4 e6 3. g3 d5 4. Bg2 Be7 5. Nf3 O-O 6. O-O c6 7. Qc2 Nbd7 8. Rd1
b6 9. b3 Bb7 10. Nc3 Rc8 11. e4 dxe4 12. Nxe4 c5 13. Nxf6+ Bxf6 14. Ng5 Bxg5 15.
Bxb7 Rc7 16. dxc5 Bxc1 17. Raxc1 Rxb7 18. c6 Rc7 19. Rxd7 Rxd7 20. cxd7 Qxd7 21.
Rd1 Qc7 22. Qd3 g6 23. Qd7 Rc8 24. Kf1 a6 25. Qxc7 Rxc7 26. Rd8+ Kg7 27. a4 Kf6
28. Ke2 b5 29. cxb5 axb5 30. a5 b4 31. Rd2 Ke5 32. a6 Ra7 33. f4+ Ke4 34. Rd6 e5
35. fxe5 Kxe5 36. Rb6 Kd5 37. g4 f5 38. gxf5 gxf5 39. Rb5+ Ke6 40. Ra5 Kd7 41.
Kf3 Kc7 42. Ra4 Kc6 43. Kf4 Kb5 44. Kxf5 Kc5 45. Ke6 Kc6 46. h4 Kc5 47. Ra1 Kd4
48. Kd6 Kc3 49. Kc5 Kb2 50. Ra4 Kxb3 51. Rxb4+ Ka3 52. Rb1 Ra8 1-0

[Event "62nd ch-IND 2025"]
[Site "Guntur IND"]
[Date "2025.09.28"]
[Round "8.43"]
[White "Sravyasree Bheemarasetty"]
[Black "Nirvan Bhamidi"]
[Result "0-1"]
[WhiteElo "1977"]
[BlackElo "2098"]
[WhiteFideId "33414220"]
[BlackFideId "33386722"]
[EventDate "2025.09.21"]

1. e4 c6 2. d4 d5 3. Nc3 dxe4 4. Nxe4 Nf6 5. Nxf6+ exf6 6. c3 Bd6 7. Bd3 O-O 8.
Qc2 Re8+ 9. Ne2 h5 10. O-O h4 11. h3 Nd7 12. Bd2 Nf8 13. Rae1 Bd7 14. c4 Qc8 15.
f4 f5 16. c5 Bc7 17. Kh1 g6 18. Rd1 Ne6 19. Be1 Bd8 20. Bc4 Bf6 21. b4 Nc7 22.
Nc3 Be6 23. d5 cxd5 24. Nxd5 Nxd5 25. Bxd5 Rd8 26. Bxe6 Qxe6 27. Bf2 Qc6 28. a4
a6 29. Rxd8+ Rxd8 30. Rd1 Rxd1+ 31. Qxd1 Qe4 32. Qd6 Kg7 33. Qd2 Qc4 34. Be1 g5
35. fxg5 Qf1+ 36. Kh2 Be5+ 37. g3 f4 38. gxh4 Kh7 39. g6+ fxg6 40. Qd7+ Kh6 41.
Qd2 Kh5 42. Qd5 Qe2+ 43. Bf2 Qxf2+ 44. Kh1 Qe1+ 45. Kg2 Qe2+ 46. Kg1 f3 47.
Qxf3+ Qxf3 48. b5 Bd4+ 49. Kh2 Qf2+ 50. Kh1 Qg1# 0-1

[Event "62nd ch-IND 2025"]
[Site "Guntur IND"]
[Date "2025.09.28"]
[Round "8.44"]
[White "Swain, Ashirwad"]
[Black "Naveen K S"]
[Result "1/2-1/2"]
[WhiteElo "2087"]
[BlackElo "1974"]
[WhiteFideId "25092022"]
[BlackFideId "25698257"]
[EventDate "2025.09.21"]

1. d4 Nf6 2. Nc3 d5 3. Bf4 g6 4. e3 Nh5 5. Be5 f6 6. g4 fxe5 7. gxh5 e4 8. Qe2
c6 9. f3 exf3 10. Nxf3 Bf5 11. O-O-O Nd7 12. Rg1 Bh6 13. hxg6 hxg6 14. Kb1 Nf6
15. Ne5 Qd6 16. Bg2 Ne4 17. Nxe4 dxe4 18. Bh3 Bxh3 19. Rxg6 Be6 20. Rf1 O-O-O
21. b3 Rh7 22. Qg2 Bxe3 23. Qxe4 Bxd4 24. Nc4 Qb4 25. Qxe6+ Kb8 26. Rg8 Rh8 27.
Rxd8+ Rxd8 28. Qe1 Qxe1+ 29. Rxe1 Bc3 30. Rh1 e5 31. h4 e4 32. h5 b5 33. Ne3 Bd2
34. Rd1 Kc7 35. Nf1 Bf4 36. Rxd8 Kxd8 37. h6 Bxh6 38. Ng3 e3 39. c4 bxc4 40.
bxc4 Kc7 41. Kc2 Kb6 42. Kd3 Kc5 43. a3 Bf4 44. Ne4+ Kb6 45. Nc3 Ka5 46. Ne2 Be5
47. Kxe3 Ka4 48. Ke4 Bb2 49. Nf4 Kxa3 50. Ne6 Kb3 51. Nd8 a5 52. Nxc6 a4 53. c5
a3 54. Na5+ Kb4 55. c6 Be5 56. Kxe5 a2 57. Nb3 Kxb3 58. c7 a1=Q+ 59. Kd6 Qa8 60.
Kd7 Qd5+ 61. Ke7 Qc6 62. Kd8 Qd6+ 63. Kc8 Kb4 64. Kb7 Qe7 65. Ka8 Qe8+ 66. Kb7
Qd7 67. Kb8 Qb5+ 68. Ka7 Qc6 69. Kb8 Qb6+ 70. Ka8 Qc5 71. Kb7 Qe7 72. Ka8 Qd7
73. Kb8 Qd6 74. Kb7 Qe7 1/2-1/2

[Event "62nd ch-IND 2025"]
[Site "Guntur IND"]
[Date "2025.09.28"]
[Round "8.45"]
[White "Vyom Malhotra"]
[Black "Vandan Alankar Sawai"]
[Result "0-1"]
[WhiteTitle "CM"]
[BlackTitle "CM"]
[WhiteElo "1974"]
[BlackElo "2086"]
[WhiteFideId "33383561"]
[BlackFideId "25973096"]
[EventDate "2025.09.21"]

1. e4 e5 2. Nf3 Nc6 3. Bc4 Nf6 4. d3 h6 5. O-O d6 6. c3 g5 7. Nbd2 Bg7 8. Bb3
O-O 9. h3 Re8 10. Re1 d5 11. Bc2 Be6 12. Nf1 a6 13. Ng3 Qd7 14. Qe2 Rad8 15. a4
a5 16. Nh2 Ne7 17. Nh5 Nxh5 18. Qxh5 f5 19. exf5 Nxf5 20. Nf3 Bf7 21. Qg4 Bf6
22. d4 e4 23. Ne5 Bxe5 24. dxe5 Nh4 25. Qg3 Ng6 26. f4 gxf4 27. Bxf4 Kh7 28. Qe3
Nh4 29. Qf2 Qe7 30. Bg3 Ng6 31. Rf1 Bg8 32. Qf5 Rf8 33. Qh5 Be6 34. Rf6 Rxf6 35.
exf6 Qxf6 36. Bxc7 Rg8 37. Rf1 Qg7 38. Bg3 Ne7 39. Rf3 Qg6 40. Qe5 Nf5 41. Rxf5
Qxf5 42. Qd6 Qg5 43. Kh2 Bxh3 44. c4 Be6 45. cxd5 Bxd5 46. Qd7+ Rg7 47. Qh3 Bc6
48. Bf2 Qg4 49. Qxg4 Rxg4 50. Kg1 Kg7 51. Be3 Bd5 52. Kf2 Rg6 53. Bd4+ Kf7 54.
g3 Rc6 55. Bc3 Ke6 56. Ke3 Kd6 57. Kf4 Rxc3 58. bxc3 Kc5 59. Bb1 Bc6 60. Ba2
Bxa4 61. Kxe4 Bc2+ 62. Ke3 a4 63. Kd2 Bb3 64. Bxb3 axb3 65. Kc1 Kc4 66. Kb2 h5
67. Kb1 Kxc3 68. Kc1 b2+ 69. Kb1 Kb3 0-1

[Event "62nd ch-IND 2025"]
[Site "Guntur IND"]
[Date "2025.09.28"]
[Round "8.46"]
[White "Malvin Joshua"]
[Black "Srijon Saha"]
[Result "1-0"]
[WhiteElo "1966"]
[BlackElo "2076"]
[WhiteFideId "33417873"]
[BlackFideId "33442215"]
[EventDate "2025.09.21"]

1. d4 d5 2. c4 e6 3. Nc3 Bb4 4. Nf3 dxc4 5. e3 b5 6. a4 c6 7. Bd2 Qb6 8. Ne4 Be7
9. b3 cxb3 10. Qxb3 Nf6 11. Nxf6+ gxf6 12. axb5 Bd7 13. Bd3 cxb5 14. d5 Na6 15.
dxe6 fxe6 16. Qb1 Nc5 17. Be2 O-O 18. Ba5 Qb7 19. Nd4 Rab8 20. Bf3 Qc8 21. O-O
e5 22. Rc1 exd4 23. exd4 Bf5 24. Qa2+ Be6 25. Qe2 Re8 26. dxc5 Bxc5 27. Qb2 Rf8
28. Bc3 Qd8 29. Rd1 Qe7 30. Re1 Qf7 31. Rad1 Bc4 32. Re4 Kh8 33. Rf4 Rb6 34. Rf5
Be7 35. Qc1 Rg8 36. Qf4 b4 37. Bd4 Rd6 38. Re1 Rf8 39. Bh5 Qg7 40. h4 Bd3 41.
Ra5 a6 42. Qe3 Rxd4 43. Qxd4 Bb5 44. Raa1 Rd8 45. Qe4 Bf8 46. Rad1 Rxd1 47. Rxd1
Qe7 48. Qd5 Qc5 49. Qd8 Kg7 50. Be8 Be7 51. Qb8 Bxe8 52. Qxe8 Qe5 53. Rd7 1-0

[Event "62nd ch-IND 2025"]
[Site "Guntur IND"]
[Date "2025.09.28"]
[Round "8.47"]
[White "Atiksh Thakur"]
[Black "Mahindrakar, Indrajeet"]
[Result "0-1"]
[WhiteElo "1964"]
[BlackElo "2074"]
[WhiteFideId "33478902"]
[BlackFideId "35023721"]
[EventDate "2025.09.21"]

1. e4 c5 2. Nf3 a6 3. c4 Nc6 4. d4 cxd4 5. Nxd4 Nf6 6. Nc3 e5 7. Nf5 d5 8. cxd5
Bxf5 9. exf5 Nd4 10. Bd3 g6 11. fxg6 hxg6 12. O-O Nxd5 13. Re1 Bg7 14. Be4 Nb4
15. Bxb7 Ra7 16. Be3 Kf8 17. Be4 f5 18. Qa4 a5 19. Nb5 Rf7 20. Bxd4 exd4 21. Bf3
Bf6 22. Rad1 d3 23. Re3 Rd7 24. a3 Nc2 25. Re6 Kg7 26. Bc6 Rh4 27. Qb3 a4 28.
Qa2 Re7 29. g3 Rd4 30. Nxd4 Nxd4 31. Rxe7+ Qxe7 32. Qc4 d2 33. Bd5 Qe1+ 34. Qf1
Qe5 35. Ba8 Qb8 36. Qa6 Qe5 37. Qd3 Qe1+ 38. Qf1 Qe8 39. Bd5 Qe5 40. Qc4 Qe1+
41. Qf1 Nc2 42. Bc6 Bd4 43. Bxa4 Bxf2+ 44. Kh1 Qe4+ 45. Qg2 Qe1+ 46. Qf1 Ne3 47.
Rxe1 dxe1=Q 48. Qxe1 Bxe1 49. Bb5 Kf6 50. Bd3 Nd1 0-1